000 00950nam a22002417a 4500
999 _c21111
_d21111
003 AR-CdUCM
008 190318b ||||| |||| 00| 0 spa d
040 _aMUNICIPALIDAD PROVINCIAL DEL CUSCO
_cBIBLIOTECA MUNICIPAL DEL CUSCO
082 _28ed.
_a985.83 /
_bB24
100 _aBasadre, Jorge
_9198
245 _aHistoria de la República del Perú :
_b1822 - 1933 /
260 _aLima :
_bUniversitaria,
_c1968.
300 _b28 cm.
_cIlustraciones
505 _aContenido :8va edición de la Historia de la República del Perú entre los años 1822 - 1933 , por el historiador Jorge Basadre, consta de 16 tomos, T.11: Historia de la república de Perú -- Jorge Basadre...
650 _aHistoria del Perú
_9259
650 _aPerú Republicano
_97837
650 _aIndependencia
_9625
650 _aJorge Basadre
_9200
650 _aPresidentes del Perú
_92236
710 _aLa República
_918584
942 _2ddc
_cLIBROS
945 _admma